| 000 | 00874nam a22002297a 4500 | ||
|---|---|---|---|
| 001 | 48034 | ||
| 003 | BD-RjUL | ||
| 005 | 20211209054438.0 | ||
| 008 | 160811s2012 bg ||||| |||| 00| 0 ben d | ||
| 020 |
_a9847000002051 _c: TK 280.00 |
||
| 035 | _a(BD-RjUL)48153 | ||
| 040 |
_aBD-RjUL _bben _cBD-RjUL |
||
| 041 | _aben | ||
| 082 |
_223 _a891.4409 _bSAS 2012 |
||
| 100 |
_aসরকার, সুজিত _9144440 |
||
| 245 | 1 | 0 |
_aসাহিত্য ভাবনা / _cসুজিত সরকার |
| 260 |
_aঢাকা : _bজাতীয় সাহিত্য প্রকাশ, _c২০১২ |
||
| 300 |
_a২২৪ পৃ. ; _c২১ সেমি. |
||
| 650 |
_aবাংলা সাহিত্য _xইতিহাস ও সমালোচনা _9145663 |
||
| 650 |
_aBengali Literature _xHistory & Criticism _9145664 |
||
| 942 |
_2ddc _cBK |
||
| 999 |
_c48034 _d48034 |
||